Madhyakala Keralacharithram(മധ്യകാല കേരളചരിത്രം) (Record no. 115360)

MARC details
000 -LEADER
fixed length control field 00269 a2200097 4500
020 ## - INTERNATIONAL STANDARD BOOK NUMBER
International Standard Book Number 9789354826467
100 ## - MAIN ENTRY--PERSONAL NAME
Personal name V. V. Haridas
245 ## - TITLE STATEMENT
Title Madhyakala Keralacharithram(മധ്യകാല കേരളചരിത്രം)
260 ## - PUBLICATION, DISTRIBUTION, ETC. (IMPRINT)
Name of publisher, distributor, etc D C books
Date of publication, distribution, etc 2025
942 ## - ADDED ENTRY ELEMENTS (KOHA)
Koha item type On order/under processing
Holdings
Withdrawn status Lost status Damaged status Not for loan Home library Current library Date acquired Source of acquisition Cost, normal purchase price Total Checkouts Barcode Date last seen Cost, replacement price Price effective from Koha item type
        University Library University Library 03/03/2026 275 160.01   00097442 03/03/2026 240.00 03/03/2026 On order/under processing
University Library, CUSAT